00670nam a2200229Ia 4500003000900000008004100009040001300050040001300063041000800076100002100084245003600105250001200141260001400153260000900167300001100176300001200187490002700199490000600226942000700232999001700239952018400256IT-RoPAU120407s9999 xx 000 0 und d aIT-RoPAU cIT-RoPAU aita aGirolamo Arnaldi aLe origini dell’università. aBologna aIl Mulino c1974 a217 p. c21.5 cm aProblemi e prospettive v1 cBK c29058d29058 00102ddc406378_40000000000000071aPAULUSbPAULUSd2012-04-11l0o378.4r2012-04-11 00:00:00w2012-04-11yBKzInserito da: Anna In data: n.d. fondo: Via A.Severo 56 Progr:23548